[Event "RA-2011-0-00168"]
[Site "LSS email"]
[Date "2011.11.28"]
[Round "?"]
[White "Janosi, Ervin"]
[Black "Real, Vanessa Tatiana Vie"]
[Result "1-0"]
[WhiteElo "2120"]
[BlackElo "1885"]
[PlyCount "85"]
[EventDate "2011.11.14"]
[EventType "tourn (corr)"]
[EventRounds "6"]
[EventCountry "GER"]
[SourceTitle "Telechess CBM 157"]
[Source "ChessBase"]
[SourceDate "2013.11.12"]
[SourceVersion "1"]
[SourceVersionDate "2013.11.12"]
[SourceQuality "1"]

1. d4 Nf6 2. c4 e6 3. e3 d5 4. Nc3 c6 5. Nf3 Nbd7 6. Qc2 Bd6 7. Bd3 0-0 8. 0-0 dxc4 9. Bxc4 a6 10. Rd1 b5 11. Bf1 Qc7 12. e4 e5 13. Ne2 Bb7 14. dxe5 Nxe5 15. Nxe5 Bxe5 16. g3 Rfe8 17. Bg2 Rad8 18. Be3 c5 19. f3 c4 20. Nd4 g6 21. a4 Bxe4 22. fxe4 Ng4 23. Qe2 Nxe3 24. Qxe3 bxa4 25. Bf1 Qb6 26. Nf5 Qf6 27. Nh6+ Kg7 28. Ng4 Bd4 29. Rxd4 Qxd4 30. Qxd4+ Rxd4 31. Rxa4 Rexe4 32. Nf2 Re1 33. Rxa6 Rc1 34. Rc6 f5 35. Rc7+ Kh6 36. h4 Rc2 37. Rb7 Rdd2 38. Nh3 c3 39. Ng5 Kh5 40. Nxh7 Kg4 41. bxc3 Rxc3 42. Rb4+ Kxg3 43. Rb6 1-0

[Event "RA-2011-0-00159"]
[Site "LSS email"]
[Date "2011.11.03"]
[Round "?"]
[White "Czegledi, Laszlo"]
[Black "Real, Vanessa Tatiana Vie"]
[Result "1-0"]
[WhiteElo "2162"]
[BlackElo "2114"]
[PlyCount "95"]
[EventDate "2011.09.29"]
[EventType "tourn (corr)"]
[EventRounds "6"]
[EventCountry "GER"]
[SourceTitle "Telechess CBM 149"]
[Source "ChessBase"]
[SourceDate "2012.07.17"]
[SourceVersion "1"]
[SourceVersionDate "2012.07.17"]
[SourceQuality "1"]

1. e4 c5 2. Nf3 d6 3. d4 cxd4 4. Nxd4 Nf6 5. Nc3 g6 6. Be3 Bg7 7. f3 0-0 8. Qd2 Nc6 9. 0-0-0 d5 10. Qe1 e5 11. Nxc6 bxc6 12. exd5 cxd5 13. Bg5 Be6 14. Bc4 Qc7 15. Bxd5 Nxd5 16. Nxd5 Bxd5 17. Rxd5 a5 18. Qd2 Rab8 19. b3 a4 20. Kb1 Rfc8 21. Rd1 Qc6 22. Qd3 Bf8 23. Bc1 Bg7 24. Bb2 Qb6 25. Bxe5 Bxe5 26. Rxe5 Ra8 27. f4 Rcb8 28. Qe2 Qb4 29. f5 Qa3 30. Re3 Qc5 31. fxg6 hxg6 32. g4 Qc6 33. h4 axb3 34. cxb3 Re8 35. Qc4 Qxc4 36. Rxe8+ Rxe8 37. bxc4 Re4 38. c5 Rxg4 39. Kb2 Kf8 40. Kb3 Ke7 41. c6 Rxh4 42. a4 Rh3+ 43. Kb4 Rh2 44. Ka5 Rc2 45. Kb6 Rb2+ 46. Ka6 Rc2 47. Kb7 Rc4 48. a5 1-0

[Event "CP-2011-P-00058"]
[Site "LSS email"]
[Date "2011.09.30"]
[Round "?"]
[White "Enguidanos Gimeno, Salvador"]
[Black "Real, Vanessa Tatiana Vie"]
[Result "1-0"]
[WhiteElo "1491"]
[BlackElo "1884"]
[PlyCount "73"]
[EventDate "2011.10.01"]
[EventType "tourn (corr)"]
[EventRounds "6"]
[EventCountry "GER"]
[SourceTitle "Telechess CBM 157"]
[Source "ChessBase"]
[SourceDate "2013.11.12"]
[SourceVersion "1"]
[SourceVersionDate "2013.11.12"]
[SourceQuality "1"]
[WhiteTeam "IWEC Iceland"]

1. Nf3 c5 2. c4 Nf6 3. g3 g6 4. Bg2 Bg7 5. 0-0 0-0 6. Nc3 Nc6 7. d3 d6 8. a3 a6 9. Rb1 Bd7 10. Bd2 Rb8 11. b4 b6 12. b5 axb5 13. cxb5 Na5 14. a4 Rc8 15. Na2 Be6 16. Bxa5 Bxa2 17. Rb2 Bd5 18. Bc3 c4 19. dxc4 Bxc4 20. Nd2 Bxe2 21. Qxe2 Rxc3 22. Ra2 d5 23. Nf3 Ne4 24. Rc2 Qc7 25. Rfc1 Bh6 26. Rxc3 Nxc3 27. Rxc3 Qxc3 28. h3 e6 29. Ne5 Ra8 30. Nd7 Qc7 31. Nf6+ Kg7 32. Ng4 Rxa4 33. Qb2+ d4 34. Bc6 Qd6 35. Qc2 Ra1+ 36. Kg2 Rc1 37. Qb2 1-0

[Event "CP-2011-P-00058"]
[Site "LSS email"]
[Date "2011.09.30"]
[Round "?"]
[White "Real, Vanessa Tatiana Vie"]
[Black "Gutierrez Lopez, Carlos"]
[Result "1-0"]
[WhiteElo "1884"]
[BlackElo "1767"]
[PlyCount "35"]
[EventDate "2011.10.01"]
[EventType "tourn (corr)"]
[EventRounds "6"]
[EventCountry "GER"]
[SourceTitle "Telechess CBM 157"]
[Source "ChessBase"]
[SourceDate "2013.11.12"]
[SourceVersion "1"]
[SourceVersionDate "2013.11.12"]
[SourceQuality "1"]

1. e4 c5 2. d4 cxd4 3. c3 Nf6 4. e5 Nd5 5. Nf3 e6 6. cxd4 d6 7. Nc3 Nxc3 8. bxc3 Qc7 9. Qb3 Nd7 10. Bf4 b6 11. Rb1 Bb7 12. Bb5 Bxf3 13. gxf3 Rc8 14. 0-0 dxe5 15. dxe5 Be7 16. Rfd1 Rd8 17. Rxd7 Rxd7 18. Rd1 1-0

[Event "CP-2011-P-00058"]
[Site "LSS email"]
[Date "2011.09.30"]
[Round "?"]
[White "Real, Vanessa Tatiana Vie"]
[Black "Stevens, Michael"]
[Result "1-0"]
[WhiteElo "1884"]
[BlackElo "1456"]
[PlyCount "47"]
[EventDate "2011.10.01"]
[EventType "tourn (corr)"]
[EventRounds "6"]
[EventCountry "GER"]
[SourceTitle "Telechess CBM 157"]
[Source "ChessBase"]
[SourceDate "2013.11.12"]
[SourceVersion "1"]
[SourceVersionDate "2013.11.12"]
[SourceQuality "1"]

1. e4 c5 2. d4 cxd4 3. c3 d3 4. Bxd3 Nc6 5. Nf3 g6 6. 0-0 Bg7 7. Qe2 d6 8. Rd1 Qc7 9. h3 Nf6 10. Na3 a6 11. Nc4 b5 12. Ne3 Be6 13. Bc2 0-0 14. a4 Qb7 15. Nd5 Na5 16. Nxf6+ Bxf6 17. Bh6 Bg7 18. Bxg7 Kxg7 19. e5 Bd5 20. axb5 axb5 21. Rxd5 Qxd5 22. Be4 Qc5 23. Bxa8 Rxa8 24. exd6 1-0

[Event "RA-2011-0-00153"]
[Site "LSS email"]
[Date "2011.09.22"]
[Round "?"]
[White "Real, Vanessa Tatiana Vie"]
[Black "Almeida, Ramiro da Costa"]
[Result "0-1"]
[WhiteElo "1884"]
[BlackElo "2236"]
[PlyCount "162"]
[EventDate "2011.08.29"]
[EventType "tourn (corr)"]
[EventRounds "6"]
[EventCountry "GER"]
[SourceTitle "Telechess CBM 157"]
[Source "ChessBase"]
[SourceDate "2013.11.12"]
[SourceVersion "1"]
[SourceVersionDate "2013.11.12"]
[SourceQuality "1"]

1. e4 c5 2. d4 cxd4 3. c3 dxc3 4. Nxc3 Nc6 5. Nf3 e6 6. Bc4 d6 7. 0-0 Be7 8. Qe2 Nf6 9. Rd1 e5 10. Be3 0-0 11. Rac1 Be6 12. b4 Ng4 13. Bd2 Nf6 14. Nd5 a6 15. h3 Bxd5 16. exd5 Na7 17. Be3 Qd7 18. Nd2 Rfc8 19. Nb1 b5 20. Bb3 Rxc1 21. Rxc1 Qb7 22. Qd3 Nc8 23. Nd2 Bd8 24. Bg5 Qd7 25. Bd1 g6 26. a4 bxa4 27. Bxf6 Bxf6 28. Rc6 Qb7 29. Qc3 Nb6 30. Ne4 Be7 31. Nxd6 Bxd6 32. Rxd6 Re8 33. Qc5 Rb8 34. Be2 e4 35. b5 axb5 36. Bxb5 h5 37. Bf1 Kh7 38. Rc6 a3 39. Rc7 Qxd5 40. Qxa3 Rc8 41. Re7 Nd7 42. Qb2 Rc5 43. Be2 Ne5 44. Re8 Qd6 45. Bf1 h4 46. Ra8 Rd5 47. Qb1 e3 48. Qe1 exf2+ 49. Qxf2 Qc5 50. Ra4 g5 51. Ra2 f5 52. Be2 Kg6 53. Ra6+ Kg7 54. Ra7+ Kf6 55. Ra6+ Ke7 56. Ra7+ Nd7 57. Bf3 Qxf2+ 58. Kxf2 Rd6 59. Ke3 Kf6 60. Ra5 Re6+ 61. Kd4 Nf8 62. Bd5 Re5 63. Ra7 Ne6+ 64. Kc4 Re3 65. Rb7 Nf4 66. Bf3 Re6 67. Ra7 Rd6 68. Ra5 Nd3 69. Bd5 Ke5 70. Bg8+ Kf4 71. Bh7 Ne5+ 72. Kc5 Rf6 73. Bg8 g4 74. Ra3 Nd7+ 75. Kd5 Rf8 76. Be6 Rd8 77. Kc4 Ne5+ 78. Kb5 Rd2 79. hxg4 fxg4 80. Ra4+ Kg3 81. Re4 Kxg2 0-1

[Event "RA-2011-0-00153"]
[Site "LSS email"]
[Date "2011.09.22"]
[Round "?"]
[White "Real, Vanessa Tatiana Vie"]
[Black "Skeels, Jim"]
[Result "0-1"]
[WhiteElo "1884"]
[BlackElo "2205"]
[PlyCount "80"]
[EventDate "2011.08.29"]
[EventType "tourn (corr)"]
[EventRounds "6"]
[EventCountry "GER"]
[SourceTitle "Telechess CBM 157"]
[Source "ChessBase"]
[SourceDate "2013.11.12"]
[SourceVersion "1"]
[SourceVersionDate "2013.11.12"]
[SourceQuality "1"]

1. Nf3 Nf6 2. b3 g6 3. Bb2 Bg7 4. e3 0-0 5. Be2 d6 6. d4 Nbd7 7. c4 e5 8. Nc3 Re8 9. 0-0 e4 10. Nd2 Nf8 11. h3 h5 12. b4 Bf5 13. b5 N8h7 14. Qb3 Ng5 15. Rfc1 Bxh3 16. gxh3 Qd7 17. Qd1 Nxh3+ 18. Kg2 Qf5 19. Qe1 Ng4 20. Nd1 Ng5 21. Qh1 Bf6 22. Kf1 c6 23. bxc6 bxc6 24. c5 d5 25. Rab1 Bd8 26. Bc3 Qc8 27. Rc2 h4 28. Rcb2 h3 29. Rb3 Kg7 30. Ra3 Rh8 31. Ba5 Bf6 32. Bxg4 Qxg4 33. Qg1 Qf5 34. Qh2 Nf3 35. Nxf3 exf3 36. Rab3 Rac8 37. Ke1 Rh4 38. Kd2 Rg4 39. Qh1 Rg2 40. R1b2 h2 0-1

[Event "RA-2011-0-00153"]
[Site "LSS email"]
[Date "2011.09.20"]
[Round "?"]
[White "Nemec, Zdenek"]
[Black "Real, Vanessa Tatiana Vie"]
[Result "1/2-1/2"]
[WhiteElo "2233"]
[BlackElo "1884"]
[PlyCount "95"]
[EventDate "2011.08.29"]
[EventType "tourn (corr)"]
[EventRounds "6"]
[EventCountry "GER"]
[SourceTitle "Telechess CBM 157"]
[Source "ChessBase"]
[SourceDate "2013.11.12"]
[SourceVersion "1"]
[SourceVersionDate "2013.11.12"]
[SourceQuality "1"]

1. e4 c5 2. c3 Nf6 3. e5 Nd5 4. Nf3 Nc6 5. Bc4 Nb6 6. Bb3 d6 7. exd6 c4 8. Bc2 Qxd6 9. 0-0 Bg4 10. Qe2 Qf6 11. Be4 Ne5 12. Bxb7 Bxf3 13. Bxf3 Nxf3+ 14. Qxf3 Qxf3 15. gxf3 e6 16. b3 0-0-0 17. Re1 Rd3 18. Re3 Nd5 19. Rxd3 cxd3 20. Ba3 Nf4 21. Kh1 f6 22. Bxf8 Rxf8 23. Na3 Kd7 24. Re1 Rc8 25. Nc4 e5 26. Re4 Rc6 27. h4 Ra6 28. a4 Rc6 29. Kh2 h6 30. Nb2 Kc8 31. b4 Kb7 32. Nc4 Rc7 33. Na5+ Kc8 34. Rc4 Nd5 35. Rxc7+ Kxc7 36. Nb3 g6 37. Kg3 h5 38. b5 Nf4 39. a5 Ne6 40. c4 Kb7 41. Kg2 g5 42. Kg3 a6 43. Nc1 axb5 44. cxb5 Nf4 45. Nb3 Ne6 46. Kh3 Kb8 47. Kg3 Ka7 48. Nc1 1/2-1/2

[Event "RA-2011-0-00153"]
[Site "LSS email"]
[Date "2011.09.19"]
[Round "?"]
[White "Sukhorskij, Vladimir Stanislavo"]
[Black "Real, Vanessa Tatiana Vie"]
[Result "1/2-1/2"]
[WhiteElo "2154"]
[BlackElo "1884"]
[PlyCount "35"]
[EventDate "2011.08.29"]
[EventType "tourn (corr)"]
[EventRounds "6"]
[EventCountry "GER"]
[SourceTitle "Telechess CBM 157"]
[Source "ChessBase"]
[SourceDate "2013.11.12"]
[SourceVersion "1"]
[SourceVersionDate "2013.11.12"]
[SourceQuality "1"]

1. e4 e5 2. Nf3 Nc6 3. Bb5 a6 4. Ba4 Nf6 5. 0-0 d6 6. c3 Be7 7. Qe2 0-0 8. Rd1 Bd7 9. d3 h6 10. h3 Nh7 11. Nbd2 Bg5 12. Nf1 Bxc1 13. Raxc1 Ng5 14. Nxg5 Qxg5 15. Qe3 Qf4 16. Qxf4 exf4 17. Nd2 Ne5 18. Bc2 1/2-1/2